000 00712nam a2200205 i 4500
001 44185
003 ES-MaACL
005 20250901062525.0
007 t|
008 030320s1962 an ||||1| spa d
100 1 _aCita-Malard, Suzanne.
_938932
245 1 3 _aUn millón de religiosas /
_cSuzanne Cita-Malard ; [versión española de J. Ruiz Calonja].
260 _aAndorra :
_bCasal i Vall,
_c[1962]
300 _a159 p. ;
_c18 cm.
490 1 _aYo sé, yo creo : enciclopedia del católico en el siglo XX
700 1 _aRuiz Calonja, J.
_9100685
830 0 0 _aYo sé, yo creo: enciclopedia del católico del siglo XX
_9186579
852 _aES-MaACL
_jC-21674
_bR.50208
999 _c44185
_d44185